|
|
|
|
| LEADER |
00000nab a2200000 a 4500 |
| 001 |
vtls000228968 |
| 003 |
SK-MaSNL |
| 005 |
20260302212310.0 |
| 008 |
150420c1985 xo 0 slo |
| 015 |
|
|
|a SNBRB19rr/mm-uuuuu
|
| 035 |
|
|
|a CL0239082
|
| 040 |
|
|
|a SNKBUCL
|b slo
|c SNKBUCL
|e AACR2
|
| 041 |
0 |
|
|a slo
|
| 044 |
|
|
|a xo
|c SK
|
| 080 |
|
|
|a 66:339.174
|2 1981
|
| 080 |
|
|
|a 339.174
|2 1981
|
| 100 |
1 |
|
|a Klucho, Pavol
|4 aut
|9 442103
|
| 245 |
1 |
0 |
|a Sedemnásty medzinárodný chemický veľtrh INCHEBA 85
|c Pavol Klucho
|
| 650 |
0 |
7 |
|a Incheba 1985, Bratislava
|2 snkbucl
|9 928698
|
| 655 |
|
7 |
|a články z novín a časopisov
|2 snkbucl
|9 267496
|
| 773 |
0 |
|
|t Ropa a uhlie
|g Roč. 27, č. 9 (1985), s. 513-517
|
| 850 |
|
|
|a Slovenská národná knižnica v Martine
|a MTA001
|
| 852 |
|
|
|a SNK
|b KIS3GCP
|
| 957 |
|
|
|a 5100
|
| 958 |
|
|
|a RK
|
| 992 |
|
|
|a RBX
|
| 999 |
|
|
|c 1488621
|d 1490551
|